İşitme engelliler için resimli sözlük (Record no. 245)

MARC details
000 -BAŞLIK
Sabit Uzunlukta Kontrol Alanı 00698na a2200241 4500
001 - KONTROL NUMARASI
Denetim Alanı 13243
003 - KONTROL NUMARASI IDENTIFIER
Denetim Alanı MIRAKIL
005 - SON İŞLEM TARİHİ VE ZAMANI
Denetim Alanı 20181213154740.0
008 - SABİT-BOY VERİ ELEMANLARI - GENEL BİLGİLER
Sabit Uzunlukta Kontrol Alanı 161010b tu 000 0
020 ## - ULUSLARARASI STANDART KİTAP NUMARASI
Uluslararası Standart Kitap Numarası 9786058808454
040 ## - KATALOGLAMA KAYNAK
Orijinal Kataloglama Ajansı Milas
Kataloglama Dili tur
Metne Dönüştürmek Ajansı TR-AnCHP
041 ## - DİL KODU
Metin / Ses Parça Veya Ayrı Başlığın Dil Kodu tur
082 ## - DEWEY ONLU SINIFLANDIRMA NUMARASI
Sınıflandırma Numarası DAN 803
Ürün Numarası A67i 2011
090 ## - SINIFLAMA NUMARASI
Sınıflama Numarası DAN 803 A67i 2011
100 ## - ANA GİRİŞ - KİŞİSEL İSİM
Kişisel Ad Arslan, Talha
245 ## - BAŞLIK TABLOSU
Başlık İşitme engelliler için resimli sözlük
Sorumluluk Tablosu, Vb Talha Arslan
260 ## - YAYIN, DAĞITIM, VB
Yayın, Dağıtım, Vb Yeri İzmir
Yayıncı, Dağıtıcı, Vs Adı Konak Belediyesi Kültür Yayınları
Yayın, Dağıtım, Vb Tarihi 2011
300 ## - FİZİKSEL TANIM
Kapsam 53 s.
Diğer Fiziksel Ayrıntıları fotğ.
Boyutlar 30 sm
490 ## - SERİSİ TABLOSU
Seri Beyanı Konak Belediyesi Kültür yayınları
Hacim / Ardışık Tanımı 05
650 ## - KONU KATMA GİRİŞ - TOPİKAL DÖNEM
Topikal Süreli Veya Coğrafi Ad Giriş Elemanı Resimli sözlük
650 ## - KONU KATMA GİRİŞ - TOPİKAL DÖNEM
Topikal Süreli Veya Coğrafi Ad Giriş Elemanı İşitme engelliler
Genel Alt Bölümü Sözlük
942 ## - EKLENDİ GİRİŞ ELEMANLARI (KOHA)
Sınıflandırma Veya Raf Düzeni Kaynak Dewey Decimal Classification
Koha Öğesi Türü Books
999 ## - SİSTEM KONTROL NUMARALARI (KOHA)
Koha Biblionumber 245
Koha Biblioitemnumber 245
Holdings
Kalıcı Konum Mevcut Konum Edinme Tarihi Edinim Kaynak Toplam Check-Out'Lar Tam Çağrı Numarası Barkod Tarih Son Görülme İtibaren Geçerli Fiyatlar Koha Öğesi Türü
CHP Kütüphanesi CHP Kütüphanesi 08/11/2016 Bağış   DAN 803 A67i 2011 000858 08/11/2016 08/11/2016 Books